01076nam a2200217 a 450000100100000000500170001000800410002704000250006808200080009311000990010124500980020026000910029830000270038949000360041683000440045204900090049695201080050595201140061395201140072799900170084100002844020240304103305.0110408s2004 dr a 000 0 spa d aDO-SdBNPbspacBNPHU axxx1 aRepública Dominicana.b Secretaría de Estado de Medio Ambiente y Recursos Naturales91450310aDiagnóstico de las pistas o aeródromos dedicados a aplicaciones aéreas de plaguisidas/. aSanto Domingo :bSecretaría de estado de Medio Ambiente y Recursos Naturales,c2004. a27 p. :bil. ;c20 cm.1 aSerie Estudios e Investigacón 0aSerie Estudios e Investigación955385 aBNPD 0010718PDaPDbPDcCTd2011-04-08iLF1l0oxxx p28440-10r2020-06-25w2020-06-25yLFPDZNo se presta 0010718PDaPDbPDcCTd2011-05-03iLF1l0oxxx p28440-20r2020-06-25te. 2w2020-06-25yLFPDZNo se presta 0010718DSaPDbPDcCTd2013-05-10iLF1l0oxxx p28440-30r2020-06-25te. 3w2020-06-25yLFDSZNo se presta c27932d27932